00510nam a2200157 450000500170000001000150001702000260003203500140005803700130007208200110008510000190009624500930011526000450020827000790025330000200033220200203125834.0 aENG-127590 c550.00a9789350095645 aEN-111122 bDBAD/PUB a647.95 aAnoothi Vishal aBusiness on a Platter :bby Anoothi VishalcWhat Makes Restaurants Sizzle or Fizzle Out/ aGurugrambHachette Book Publishingc2019 a4th & 5th Floors, Corporate Centre, Plot no 094, Sec44, bGurugrame122003 a262p.c21cm(hb)